Comparative politics (Record no. 763)

MARC details
000 -LEADER
fixed length control field 00465cam a2200193ua 4500
001 - CONTROL NUMBER
control field 839
005 - DATE AND TIME OF LATEST TRANSACTION
control field 20260515113230.0
008 - FIXED-LENGTH DATA ELEMENTS--GENERAL INFORMATION
fixed length control field 110421n ii |||gr||||Z||||||eng
040 ## - CATALOGING SOURCE
Transcribing agency MAIN
082 ## - DEWEY DECIMAL CLASSIFICATION NUMBER
Classification number 320.3
245 10 - TITLE STATEMENT
Title Comparative politics
Statement of responsibility, etc. by J.C. Johari
250 ## - EDITION STATEMENT
Edition statement 3rd.
260 ## - PUBLICATION, DISTRIBUTION, ETC.
Place of publication, distribution, etc. New Delhi:
Name of publisher, distributor, etc. Sterling,982.
300 ## - PHYSICAL DESCRIPTION
Extent 600p.:
Dimensions 25cm.
653 ## - INDEX TERM--UNCONTROLLED
Uncontrolled term Political science
653 ## - INDEX TERM--UNCONTROLLED
Uncontrolled term Comparative politics
700 ## - ADDED ENTRY--PERSONAL NAME
Personal name Johari, J.C.,
Relator term Author.
942 ## - ADDED ENTRY ELEMENTS (KOHA)
Koha item type Books
Holdings
Withdrawn status Lost status Damaged status Not for loan Home library Current library Shelving location Date acquired Total checkouts Full call number Barcode Date last seen Copy number Price effective from Koha item type
        Naharkatiya College Library Naharkatiya College Library General stacks 09/19/2020   320.3 | JOH 479 09/19/2020 3 09/19/2020 Books
        Naharkatiya College Library Naharkatiya College Library General stacks 09/19/2020   320.3 | JOH 480 09/19/2020 5 09/19/2020 Books
        Naharkatiya College Library Naharkatiya College Library General stacks 09/19/2020   320.3 | JOH 481 09/19/2020 2 09/19/2020 Books
        Naharkatiya College Library Naharkatiya College Library General stacks 09/19/2020   320.3 | JOH 482 09/19/2020 4 09/19/2020 Books
        Naharkatiya College Library Naharkatiya College Library General stacks 09/19/2020   320.3 | JOH 483 09/19/2020 1 09/19/2020 Books